000 00347nam a22001217a 4500
999 _c4778
_d4778
008 250320b ||||| |||| 00| 0 eng d
020 _a9780008241568
082 _a823.92 FAL
100 _aFALAFEL,OLAF
_eAUTHOR
245 _aOLD MACDONALD HEARD A PARP FROM THE PAST
260 _aGREAT BRITAIN
_bHARPER COLLINS CHILDREN'S BOOKS
_c2018
942 _2ddc